Pokémon chain - Statistics

General Stats
  • This quiz has been taken 569 times
  • The average score is 13 of 15
Answer Stats
Hint Answer % Correct
Can evolve into one of at least eight different Pokémon Eevee
99%
Starter Pokémon that resembles a turtle Squirtle
97%
Flying Pokémon that is extremely common in caves Zubat
92%
Its name is the name of the real animal it's based on, but spelled backwards Ekans
90%
Pokémon that resembles a bull with three tails Tauros
90%
Legendary bird Pokémon who can cause snowfall and blizzards while in flight Articuno
87%
Water-type Pokémon resembling a seahorse Horsea
87%
Fire-type Pokémon resembling a unicorn with flaming mane and tail Rapidash
87%
Sleepy-looking Pokémon known to teleport away at the first sign of danger Abra
85%
Pokémon resembling a fox with many tails Ninetales
85%
Fighting-type Pokémon known for its punching-based attacks Hitmonchan
84%
Mantis-like Pokémon with large blades for arms Scyther
81%
Extinct Pokémon with a spiral shell, can be obtained from a Helix fossil Omanyte
79%
Bipedal electric-type Pokémon with black lightning bolt designs on its body Electabuzz
77%
Ground-type Pokémon with clawed forelegs and spines on its back Sandslash
66%
No matching quizzes found
Score Distribution
Percent of People with Each Score
Percentile by Number Answered
Your Score History
You have not taken this quiz